Pokemon starting with the letter S - Statistics

General Stats
  • This quiz has been taken 27 times
  • The average score is 96 of 135
Answer Stats
Gen Answer % Correct
1 Sandshrew
92%
1 Sandslash
92%
5 Serperior
92%
5 Servine
92%
5 Snivy
92%
1 Squirtle
92%
3 Sableye
85%
3 Salamence
85%
5 Sawk
85%
1 Seadra
85%
1 Seaking
85%
1 Seel
85%
2 Sentret
85%
5 Sewaddle
85%
1 Slowbro
85%
1 Slowpoke
85%
2 Smeargle
85%
4 Snover
85%
2 Spinarak
85%
3 Spinda
85%
3 Swampert
85%
3 Swellow
85%
6 Sylveon
85%
5 Sandile
77%
7 Sandygast
77%
5 Sawsbuck
77%
6 Scatterbug
77%
3 Sceptile
77%
5 Scolipede
77%
3 Sealeo
77%
3 Seedot
77%
3 Shelgon
77%
1 Shellder
77%
4 Shellos
77%
4 Shinx
77%
3 Shroomish
77%
2 Shuckle
77%
3 Shuppet
77%
5 Sigilyph
77%
7 Silvally
77%
5 Simisear
77%
2 Skarmory
77%
3 Skitty
77%
4 Skuntank
77%
6 Sliggoo
77%
2 Slowking
77%
6 Slurpuff
77%
1 Snorlax
77%
3 Snorunt
77%
8 Sobble
77%
5 Solosis
77%
1 Spearow
77%
6 Spewpa
77%
3 Spheal
77%
6 Spritzee
77%
2 Stantler
77%
4 Staraptor
77%
4 Staravia
77%
4 Starly
77%
4 Stunky
77%
2 Suicune
77%
2 Sunflora
77%
2 Sunkern
77%
5 Swadloon
77%
5 Swanna
77%
6 Swirlix
77%
7 Salandit
69%
7 Salazzle
69%
5 Samurott
69%
8 Sandaconda
69%
2 Scizor
69%
8 Scorbunny
69%
1 Scyther
69%
3 Sharpedo
69%
3 Shedinja
69%
4 Shieldon
69%
3 Shiftry
69%
3 Silcoon
69%
5 Simipour
69%
5 Simisage
69%
8 Sinistea
69%
8 Sirfetch'd
69%
2 Skiploom
69%
8 Skwovet
69%
3 Slaking
69%
3 Slakoth
69%
2 Smoochum
69%
8 Snom
69%
2 Snubbull
69%
7 Solgaleo
69%
4 Spiritomb
69%
1 Starmie
69%
1 Staryu
69%
7 Steenee
69%
5 Stoutland
69%
5 Stunfisk
69%
3 Surskit
69%
3 Swablu
69%
3 Swalot
69%
2 Swinub
69%
9 Scovillain
62%
5 Scrafty
62%
5 Scraggy
62%
3 Seviper
62%
4 Shaymin
62%
5 Shelmet
62%
7 Shiinotic
62%
9 Shroodle
62%
9 Sinistcha
62%
4 Skorupi
62%
2 Slugma
62%
3 Solrock
62%
3 Spoink
62%
9 Squawkabilly
62%
2 Steelix
62%
9 Sandy Shocks
54%
5 Seismitoad
54%
8 Silicobra
54%
9 Skeledirge
54%
6 Skiddo
54%
6 Skrelp
54%
2 Sneasel
54%
8 Spectrier
54%
9 Spidops
54%
2 Sudowoodo
54%
5 Swoobat
54%
9 Scream Tail
46%
8 Sizzlipede
46%
9 Smoliv
46%
8 Sneasler
46%
9 Sprigatito
46%
8 Stonjourner
46%
7 Stufful
46%
9 Slither Wing
38%
7 Stakataka
31%
No matching quizzes found
Score Distribution
Percent of People with Each Score
Percentile by Number Answered
Your Score History
You have not taken this quiz